000
00236nmm a2200085Ia 4500
008
220120s9999||||xx |||||||||||||||||und||
100
_a
Chip
245
0
_a
Corel draw graphics suite X6, tiny core plus linux 4.4, mult
260
_a
Infomedia18
999
_c
139743
_d
139743